00666nam a2200205Ia 450000500170000000800410001704000070005804100080006508200220007310000210009524500280011626000390014436500120018365000280019565000290022390600270025294200120027999900190029195201500031020230710114714.0210423s2001 xx 000 0 und d cAL aeng a320.8K b232MEEG aMEERA (M)954856 aGramasabhe janara sabhe bInstitute of social sciencesc2001 b50cINR aLocal Government954857 aPolitical Science954858 aGrama ; janara ; sabha 2ddccBK c173902d173902 001040708MSWaSACPGbSACPGd2004-06-01eIndian Institute of Human Rightsg50.00l0o320.8K MEEGpPG020554r2022-08-24 00:00:00w2021-04-26yBK